All Girls Aloud Songs - Statistics

General Stats
  • This quiz has been taken 64 times
  • The average score is 44 of 102
Answer Stats
Answer % Correct
Sound Of The Underground Love/Hate
96%
Sound Of The Underground Sound Of The Underground
96%
Chemistry Biology
88%
What Will The Neighbours Say? Jump
88%
What Will The Neighbours Say? Love Machine
88%
Out Of Control The Promise
84%
What Will The Neighbours Say? I'll Stand By You
80%
Non-Album Single I'll Stand By You (Sarah's Version)
80%
Tangled Up Can't Speak French
72%
Chemistry Long Hot Summer
72%
Tangled Up Sexy! No No No
72%
Ten Something New
72%
Comic Relief Single Walk This Way (With Sugababes)
72%
Tangled Up Call The Shots
68%
Sound Of The Underground Life Got Cold
68%
Sound Of The Underground No Good Advice
68%
What Will The Neighbours Say? The Show
68%
Chemistry Whole Lotta History
68%
The Sound Of Girls Aloud: The Greatest Hits I Think We're Alone Now
64%
The Sound Of Girls Aloud: The Greatest Hits Something Kinda Ooooh
64%
Out Of Control The Loving Kind
64%
What Will The Neighbours Say? Wake Me Up
64%
Tangled Up Girl Overboard
60%
Chemistry See The Day
60%
Out Of Control Untouchable
60%
Chemistry Models
56%
Chemistry Swinging London Town
56%
Tangled Up Close To Love
52%
What Will The Neighbours Say? Deadlines & Diets
52%
What Will The Neighbours Say? Graffiti My Soul
52%
Ten On The Metro
52%
What Will The Neighbours Say? Big Brother
48%
Tangled Up Control Of The Knife
48%
What Will The Neighbours Say? 2024 Deluxe Edition Disco Bunny
48%
Sound Of The Underground Girls Allowed
48%
Chemistry Waiting
48%
Chemistry Watch Me Go
48%
Sound Of The Underground: 20th Anniversary Edition You Freak Me Out
48%
Ten Beautiful Cause You Love Me
44%
Tangled Up Black Jacks
44%
Tangled Up Crocodile Tears
44%
Tangled Up Fling
44%
What Will The Neighbours Say? Here We Go
44%
Chemistry Intro
44%
Out Of Control Rolling Back The Rivers In Time
44%
Chemistry Wild Horses
44%
What Will The Neighbours Say? Hear Me Out
40%
Out Of Control Live In The Country
40%
Out Of Control Love Is The Key
40%
Sound Of The Underground Mars Attack
40%
Chemistry No Regrets (UK Bonus Track)
40%
Chemistry: UK Special Christmas Edition Not Tonight Santa
40%
Chemistry Racy Lacey (UK Bonus Track)
40%
What Will The Neighbours Say? Real Life
40%
Out Of Control Revolution In The Head
40%
Sound Of The Underground Some Kind Of Miracle
40%
What Will The Neighbours Say? Thank Me Daddy
40%
Out Of Control We Wanna Party
40%
What Will The Neighbours Say? 2024 Deluxe Edition Wicked Game
40%
What Will The Neighbours Say? I Say A Prayer For You (UK Bonus Track)
36%
The Sound Of Girls Aloud: The Greatest Hits Money
36%
The Sound Of Girls Aloud: The Greatest Hits Singapore (Limited Edition Bonus Track)
36%
Sound Of The Underground: 20th Anniversary Edition Stay Another Day
36%
Sound Of The Underground White Lies
36%
What Will The Neighbours Say? 100 Different Ways (UK Bonus Track)
32%
Sound Of The Underground All I Need (All I Don't)
32%
Ten Every Now And Then
32%
Out Of Control Fix Me Up
32%
Sound Of The Underground: 20th Anniversary Edition Girls On Film
32%
Chemistry It's Magic
32%
Sound Of The Underground Love Bomb (UK Bonus Track)
32%
Out Of Control Love Is Pain
32%
Out Of Control Turn To Stone
32%
Tangled Up Damn
28%
Tangled Up I'm Falling
28%
Chemistry: UK Special Christmas Edition I Wish It Could Be Christmas Everyday
28%
Chemistry: UK Special Christmas Edition Jingle Bell Rock
28%
Tangled Up Mixed Up (Digital Deluxe Edition Bonus Track)
28%
Sound Of The Underground Stop
28%
St Trinian's: Soundtrack Theme To St Trinian's
28%
Tangled Up What You Crying For
28%
Sound Of The Underground Boogie Down Love
24%
Chemistry: UK Special Christmas Edition Christmas Round At Ours
24%
Sound Of The Underground Don't Want You Back
24%
Sound Of The Underground Everything You Ever Wanted (UK Bonus Track)
24%
Sound Of The Underground Forever And A Night
24%
Sound Of The Underground: 20th Anniversary Edition Hopelessly Devoted To You
24%
The Sound Of Girls Aloud: The Greatest Hits I Predict A Riot (Limited Edition Bonus Track)
24%
Ten Memory Of You
24%
Sound Of The Underground: 20th Anniversary Edition On A Round
24%
What Will The Neighbours Say? 2024 Deluxe Edition Androgynous Girls
20%
Chemistry: UK Special Christmas Edition Count The Days
20%
What Will The Neighbours Say? 2024 Deluxe Edition History
20%
Chemistry: UK Special Christmas Edition I Wanna Kiss You So (Christmas In A Nutshell)
20%
What Will The Neighbours Say? 2024 Deluxe Edition Baby When You Go
16%
Sound Of The Underground: 20th Anniversary Edition Grease
12%
What Will The Neighbours Say? 2024 Deluxe Edition I'm Every Woman
12%
Sound Of The Underground: 20th Anniversary Edition Lights Music Camera Action
12%
What Will The Neighbours Say? 2024 Deluxe Edition Loving Is Easy
12%
Chemistry: UK Special Christmas Edition Merry Xmas Everybody
12%
What Will The Neighbours Say? 2024 Deluxe Edition Hanging On The Telephone
8%
Out Of Control Miss You Bow Bow
4%
No matching quizzes found
Score Distribution
Percent of People with Each Score
Percentile by Number Answered
Your Score History
You have not taken this quiz